[Event "SVK-chT2A 2122"]
[Site "Slovakia"]
[Date "2021.10.17"]
[Round "2.4"]
[White "Federic, Jozef"]
[Black "Beles, Milan"]
[Result "1-0"]
[WhiteElo "2212"]
[BlackElo "2000"]
[PlyCount "96"]
[EventDate "2021.10.16"]
[EventType "team-tourn"]
[EventRounds "11"]
[EventCountry "SVK"]
[SourceTitle "EXT 2023"]
[Source "ChessBase"]
[SourceDate "2022.10.05"]
[SourceVersion "1"]
[SourceVersionDate "2022.10.05"]
[SourceQuality "1"]
[WhiteTeam "Modra II"]
[BlackTeam "Pezinok"]
[WhiteTeamCountry "SVK"]
[BlackTeamCountry "SVK"]

1. d4 Nf6 2. Nf3 e6 3. g3 b6 4. Bg2 Bb7 5. 0-0 Be7 6. c4 0-0 7. Nc3 Ne4 8. Qc2 Nxc3 9. Qxc3 d6 10. Bf4 Nd7 11. Rad1 a5 12. Qc2 Nf6 13. Nd2 Bxg2 14. Kxg2 Nh5 15. Be3 Nf6 16. f3 d5 17. Bf2 c6 18. a4 Nd7 19. e4 Rc8 20. Qb3 Nb8 21. Rc1 Bb4 22. Rc2 Qd7 23. Rd1 Na6 24. Nf1 Rb8 25. Ne3 Rfd8 26. Re2 Bf8 27. Be1 Bb4 28. exd5 cxd5 29. cxd5 exd5 30. Qd3 Bxe1 31. Qxa6 Bb4 32. Qb5 Qxb5 33. axb5 Rbc8 34. Rc2 Rxc2+ 35. Nxc2 Rc8 36. Ne3 f6 37. Kf2 Kf7 38. Ke2 Ke6 39. Kd3 g6 40. Rf1 Be7 41. Re1 Bd8 42. Nd1+ Kd6 43. Re8 Kd7 44. Rh8 Rc1 45. Nc3 Rg1 46. Rxh7+ Kd6 47. Nxd5 Rd1+ 48. Kc4 Rb1 1-0

[Event "SVK Club Cup"]
[Site "Kremnica"]
[Date "2021.09.18"]
[Round "5.11"]
[White "Walterova, Ema"]
[Black "Federic, Jozef"]
[Result "0-1"]
[WhiteElo "1857"]
[BlackElo "2230"]
[PlyCount "46"]
[EventDate "2021.09.15"]
[EventType "team-tourn"]
[EventRounds "7"]
[EventCountry "SVK"]
[SourceTitle "CBM 204 Extra"]
[Source "ChessBase"]
[SourceDate "2021.11.30"]
[SourceVersion "1"]
[SourceVersionDate "2021.11.30"]
[SourceQuality "1"]
[WhiteTeam "Bratislava KSN"]
[BlackTeam "Modra II"]
[WhiteTeamCountry "SVK"]
[BlackTeamCountry "SVK"]

1. e4 c5 2. Nf3 e6 3. g3 Nc6 4. Bg2 Nf6 5. Qe2 e5 6. 0-0 Be7 7. Nc3 0-0 8. Nd5 Re8 9. c3 d6 10. d3 h6 11. Rd1 Bf8 12. h3 Rb8 13. Qc2 b5 14. d4 exd4 15. Nxf6+ Qxf6 16. cxd4 Bxh3 17. e5 Bf5 18. Qc3 dxe5 19. dxe5 Qe6 20. Be3 b4 21. Qc1 Rbc8 22. Nh4 Nxe5 23. Bd5 Qf6 0-1

[Event "SVK Club Cup"]
[Site "Kremnica"]
[Date "2021.09.16"]
[Round "3.7"]
[White "Hrabusa, Matej"]
[Black "Federic, Jozef"]
[Result "1-0"]
[WhiteElo "2359"]
[BlackElo "2230"]
[PlyCount "75"]
[EventDate "2021.09.15"]
[EventType "team-tourn"]
[EventRounds "7"]
[EventCountry "SVK"]
[SourceTitle "CBM 204 Extra"]
[Source "ChessBase"]
[SourceDate "2021.11.30"]
[SourceVersion "1"]
[SourceVersionDate "2021.11.30"]
[SourceQuality "1"]
[WhiteTeam "Liptov Chess School"]
[BlackTeam "Modra II"]
[WhiteTeamCountry "SVK"]
[BlackTeamCountry "SVK"]

1. d4 d5 2. Bf4 Nf6 3. e3 c5 4. Nf3 Nc6 5. Nbd2 Bg4 6. c3 e6 7. Qa4 Bxf3 8. Nxf3 Bd6 9. Ba6 Qa5 10. Qxa5 Nxa5 11. Bxd6 bxa6 12. Bxc5 Ne4 13. Nd2 Nxc5 14. dxc5 Kd7 15. Ke2 Rab8 16. b4 Nc6 17. a4 Rhc8 18. Rhb1 Ne5 19. f4 Ng4 20. Nb3 h6 21. h3 Nf6 22. Kd3 Ne4 23. Na5 Rc7 24. c4 Nf6 25. c6+ Ke7 26. c5 Ne4 27. Rb3 f6 28. Rc1 e5 29. b5 axb5 30. axb5 Rcc8 31. b6 axb6 32. cxb6 Nd6 33. c7 Ra8 34. Nc6+ Kd7 35. Na7 Nb7 36. fxe5 fxe5 37. Rb5 e4+ 38. Kd4 1-0

[Event "SVK-chT 1920"]
[Site "Slovakia"]
[Date "2019.11.24"]
[Round "4.4"]
[White "Federic, Jozef"]
[Black "Farkas, Gabor"]
[Result "1/2-1/2"]
[WhiteElo "2209"]
[BlackElo "2363"]
[PlyCount "195"]
[EventDate "2019.10.19"]
[EventType "team-tourn"]
[EventRounds "11"]
[EventCountry "SVK"]
[SourceTitle "CBM 193 Extra"]
[Source "ChessBase"]
[SourceDate "2020.01.31"]
[SourceVersion "1"]
[SourceVersionDate "2020.01.31"]
[SourceQuality "1"]
[WhiteTeam "Modra"]
[BlackTeam "Dunajska Streda"]
[WhiteTeamCountry "SVK"]
[BlackTeamCountry "SVK"]

1. d4 d5 2. Nf3 Nf6 3. g3 c6 4. Bg2 Bf5 5. 0-0 e6 6. b3 Nbd7 7. Bb2 Be7 8. Nbd2 0-0 9. c4 a5 10. a3 Ne4 11. Rc1 h6 12. Ne1 Nxd2 13. Qxd2 Nf6 14. Nd3 Ne4 15. Qd1 Bg5 16. e3 Nd6 17. a4 Be4 18. Ba3 Bxg2 19. Kxg2 Re8 20. h4 Bf6 21. h5 Be7 22. Ne5 Ne4 23. Bxe7 Qxe7 24. f3 Nf6 25. g4 Nd7 26. Nxd7 Qxd7 27. f4 dxc4 28. Rxc4 Qd5+ 29. Qf3 Qxf3+ 30. Kxf3 Kf8 31. Rc5 Ke7 32. g5 Rh8 33. Rg1 Ra6 34. gxh6 gxh6 35. f5 Rb6 36. Rxa5 Rxb3 37. fxe6 fxe6 38. Rg7+ Kd6 39. Rg6 b5 40. axb5 Rxb5 41. Rxb5 cxb5 42. Ke4 Rc8 43. Rxh6 b4 44. Rg6 b3 45. Rg1 Rh8 46. Rb1 Rxh5 47. Rxb3 Rh4+ 48. Kd3 Rh1 49. Rb6+ Kd7 50. Ra6 Rh3 51. Ra7+ Kd6 52. Rg7 Kd5 53. Rd7+ Kc6 54. Rd8 Kc7 55. Rf8 Kd6 56. Ke4 Rh4+ 57. Kf3 Rh3+ 58. Kf4 Rh1 59. Rd8+ Ke7 60. Rg8 Rf1+ 61. Ke5 Rf5+ 62. Ke4 Rh5 63. Rg3 Rh1 64. Kf4 Rf1+ 65. Rf3 Rh1 66. e4 Rh4+ 67. Ke3 Rh1 68. e5 Ra1 69. Rf6 Re1+ 70. Kd2 Rh1 71. Rg6 Rh3 72. Rg7+ Ke8 73. Rc7 Kd8 74. Rc3 Rh1 75. Kd3 Rd1+ 76. Kc4 Kd7 77. Ra3 Rc1+ 78. Kd3 Rd1+ 79. Ke3 Re1+ 80. Kd2 Rh1 81. Ra7+ Kc6 82. Ke3 Re1+ 83. Kf4 Rf1+ 84. Kg5 Kd5 85. Rd7+ Ke4 86. Kg6 Rf2 87. Rf7 Rh2 88. Kf6 Rh6+ 89. Kg5 Rh1 90. Rd7 Rf1 91. Kg6 Rf2 92. Rd6 Rf4 93. Rxe6 Kxd4 94. Re7 Kd5 95. e6 Kd6 96. Re8 Rf1 97. e7 Rg1+ 98. Kf6 1/2-1/2